| 000 | 00790nam a2200217 u 4500 | ||
|---|---|---|---|
| 005 | 20210223133301.0 | ||
| 008 | 170518s1998 r 000 0 eng d | ||
| 020 | _a8449304956 | ||
| 035 | _aUPN01000217920 | ||
| 049 | _aCG | ||
| 050 | 4 |
_aRB127 _bC3.2 |
|
| 100 | 1 |
_aCaudill, Margaret A. _940669 |
|
| 245 | 1 | 0 |
_aControle el dolor antes de que el dolor le controle a usted : _bdescubra qué es lo que realmente incrementa y disminuye el dolor / _cMargaret A. Caudill ; tr. Isabel Custodio. |
| 260 |
_aBarcelona, Esp. : _bPaidós, _c1998. |
||
| 300 |
_a256 p. : _btablas |
||
| 440 | 0 |
_aPsicología, psiquiatría y psicoterapia ; _v175 |
|
| 534 |
_pTítulo original: _tManaging pain before it manages you |
||
| 650 | 4 |
_aDOLOR - _xTRATAMIENTO _913812 |
|
| 905 | _aLibro | ||
| 999 |
_c190020 _d190020 |
||